| 000 | 00811cab a2200253 4500 | ||
|---|---|---|---|
| 001 | ABS59452 | ||
| 008 | 090401t1998 xxu||||| |||| 00| 0 eng d | ||
| 035 | _a(Sirsi) u89132 | ||
| 041 | _aeng | ||
| 100 | _aMoore, L. | ||
| 245 | _aEnvironment and statute in the balance | ||
| 260 | _c1998 | ||
| 350 | _a0 | ||
| 490 |
_aProperty Week _v63(22) 25 September 1998, 46(1) |
||
| 520 | _aIllustrates through a recent case "Environment Agency v Stout" how environmental protection issues may well win out over property law concerns. | ||
| 650 | _aCONTAMINATED LAND | ||
| 650 | _aENVIRONMENT AGENCY V STOUT | ||
| 650 | _aENVIRONMENTAL CONTROL | ||
| 650 | _aINSOLVENCY ACT 1986 | ||
| 650 | _aWASTE MANAGEMENT LICENCE | ||
| 690 | _aENVIRONMENTAL AND LAND CONSULTANCY | ||
| 942 | _n0 | ||
| 948 | _c20/10/1998 | ||
| 999 |
_c56359 _d56359 |
||